The consult manual of internal medicine

A valuable pocket companion to be used often for rapid and useful information, with the right amount of explanation, enabling a higher degreeof learning during medical school, residency, and beyond; being both easily accessible on the wards, and enjoyable to read in preparation for examinations, pre...

Deskribapen osoa

Gorde:
Xehetasun bibliografikoak
Egile nagusia: Rosen, Harry
Formatua: Liburua
Hizkuntza:Undetermined
Argitaratua: Tarzana, CA MedConsult Pub. 2006
Gaiak:
Etiketak: Etiketa erantsi
Etiketarik gabe, Izan zaitez lehena erregistro honi etiketa jartzen!
Thư viện lưu trữ: Trung tâm Học liệu Trường Đại học Cần Thơ
LEADER 00959nam a2200217Ia 4500
001 CTU_138452
008 210402s9999 xx 000 0 und d
020 |c 39.95 
082 |a 616 
082 |b R813 
100 |a Rosen, Harry 
245 4 |a The consult manual of internal medicine 
245 0 |c Harry Rosen, M.D. 
260 |a Tarzana, CA 
260 |b MedConsult Pub. 
260 |c 2006 
520 |a A valuable pocket companion to be used often for rapid and useful information, with the right amount of explanation, enabling a higher degreeof learning during medical school, residency, and beyond; being both easily accessible on the wards, and enjoyable to read in preparation for examinations, presentations, and patient rounds 
650 |a Internal medicine,Y học nội khoa 
650 |x Handbooks, manuals, etc.,Sổ tay, cẩm nang 
904 |i Nguyễn Hữu Lộc 
980 |a Trung tâm Học liệu Trường Đại học Cần Thơ